Atlas universal Bruguera / (Record no. 150792)

MARC details
000 -LEADER
campo de control de longitud fija 00675nam a2200217 i 4500
001 - NÚMERO DE CONTROL
campo de control 150792
003 - IDENTIFICADOR DE NÚMERO DE CONTROL
campo de control ES-MaACL
005 - FECHA Y HORA DE LA ÚLTIMA TRANSACCIÓN
campo de control 20250724094354.0
007 - CAMPO FIJO DE DESCRIPCIÓN FÍSICA--INFORMACIÓN GENERAL
campo de control de longitud fija t|
008 - DATOS DE LONGITUD FIJA--INFORMACIÓN GENERAL
campo de control de longitud fija 071112s1971 sp |||| | spa d
100 1# - ENTRADA PRINCIPAL--NOMBRE DE PERSONA
Nombre de persona Fullard. Harold.
9 (RLIN) 53000
245 10 - MENCIÓN DEL TÍTULO
Título Atlas universal Bruguera /
Mención de responsabilidad, etc. por Harold Fullard y H. C. Darby ; edición española a cargo de J. Tuset Almazán.
250 ## - MENCION DE EDICION
Mención de edición 1ª ed.
260 ## - PUBLICACIÓN, DISTRIBUCIÓN, ETC.
Lugar de publicación, distribución, etc. Barcelona :
Nombre del editor, distribuidor, etc. Bruguera,
Fecha de publicación, distribución, etc. 1971.
300 ## - DESCRIPCIÓN FÍSICA
Extensión XXIV, 80 p., 144 p. de map. col. ;
Dimensiones 29 cm.
650 #7 - PUNTO DE ACCESO ADICIONAL DE MATERIA--TÉRMINO DE MATERIA
Término de materia o nombre geográfico como elemento de entrada Atlas
Fuente del encabezamiento o término embne
9 (RLIN) 10407
700 1# - ENTRADA AGREGADA--NOMBRE PERSONAL
Nombre de persona Darby, H. C.
9 (RLIN) 42690
700 1# - ENTRADA AGREGADA--NOMBRE PERSONAL
Nombre de persona Tuset Almazán, J.
9 (RLIN) 111769
852 ## - LOCALIZACIÓN
Ubicación ES-MaACL
Número de control de estantería C-41067
Holdings
Estatus retirado Estado de pérdida Estado de daño No para préstamo Biblioteca de origen Biblioteca actual Ubicación en estantería Fecha de adquisición Fuente de adquisición Total de préstamos Signatura topográfica completa Código de barras Visto por última vez Precio de reemplazo Tipo de ítem Koha
        Biblioteca del Ateneo de Madrid Biblioteca del Ateneo de Madrid Depósito 2 17/01/2008     C-41067 1157342 23/02/2023 23/02/2023 Libro impreso